Law of property act receiverships (Record no. 115239)
[ view plain ]
| 000 -LEADER | |
|---|---|
| fixed length control field | 00959cam a22002775a 4500 |
| 001 - CONTROL NUMBER | |
| control field | L158276 |
| 008 - FIXED-LENGTH DATA ELEMENTS--GENERAL INFORMATION | |
| fixed length control field | 141121s2013 xxk f 000 0 eng d |
| 020 ## - INTERNATIONAL STANDARD BOOK NUMBER | |
| International Standard Book Number | 9780955283451 |
| 035 ## - SYSTEM CONTROL NUMBER | |
| System control number | (Sirsi) u158276 |
| 041 0# - LANGUAGE CODE | |
| Language code of text/sound track or separate title | eng |
| 050 04 - LIBRARY OF CONGRESS CALL NUMBER | |
| Classification number | 346.41078 HUG |
| 100 1# - MAIN ENTRY--PERSONAL NAME | |
| Personal name | Hughes, John |
| 245 00 - TITLE STATEMENT | |
| Title | Law of property act receiverships |
| Remainder of title | law and practice |
| 250 ## - EDITION STATEMENT | |
| Edition statement | 3 ed |
| 260 ## - PUBLICATION, DISTRIBUTION, ETC. | |
| Place of publication, distribution, etc. | Corsham |
| Name of publisher, distributor, etc. | Lime Legal |
| Date of publication, distribution, etc. | 2013 |
| 300 ## - PHYSICAL DESCRIPTION | |
| Extent | xiii, 119p; 24cm |
| 520 ## - SUMMARY, ETC. | |
| Summary, etc. | Traces the history of receivership and considers the differences and similarities with insolvency. Defines receivership . Looks at the appointment of a Law of Property Act (LPA) Receiver together with details of his/her powers and obligations. |
| 590 ## - LOCAL NOTE (RLIN) | |
| Local note | KA |
| 650 24 - SUBJECT ADDED ENTRY--TOPICAL TERM | |
| Topical term or geographic name entry element | LAW OF PROPERTY ACT RECEIVERS |
| 650 24 - SUBJECT ADDED ENTRY--TOPICAL TERM | |
| Topical term or geographic name entry element | LPA RECEIVERS |
| 650 24 - SUBJECT ADDED ENTRY--TOPICAL TERM | |
| Topical term or geographic name entry element | LAW OF PROPERTY ACT 1925 |
| 650 24 - SUBJECT ADDED ENTRY--TOPICAL TERM | |
| Topical term or geographic name entry element | INSOLVENCY ACT 1986 |
| 651 #4 - SUBJECT ADDED ENTRY--GEOGRAPHIC NAME | |
| Geographic name | England and Wales |
| Chronological subdivision | 1543- |
| 690 ## - LOCAL SUBJECT ADDED ENTRY--TOPICAL TERM (OCLC, RLIN) | |
| Topical term or geographic name as entry element | Insolvency |
| 9 (RLIN) | 6247 |
| 942 ## - ADDED ENTRY ELEMENTS (KOHA) | |
| Suppress in OPAC | 0 |
| Withdrawn status | Lost status | Source of classification or shelving scheme | Damaged status | Not for loan | Home library | Current library | Shelving location | Date acquired | Total Checkouts | Full call number | Barcode | Date last seen | Copy number | Price effective from | Koha item type |
|---|---|---|---|---|---|---|---|---|---|---|---|---|---|---|---|
| Dewey Decimal Classification | London | London | Books | 21/11/2014 | 346.41078 HUG | 30078270 | 06/08/2019 | 1 | 06/08/2019 | Book |